|
|
|
|
| LEADER |
00000nab a2200000 a 4500 |
| 001 |
vtls008999782 |
| 003 |
SK-MaSNL |
| 005 |
20260304175250.0 |
| 008 |
140303c2007 xo wrzp 0 0slo |
| 015 |
|
|
|a SNBRB2007/06
|2 snkbucl
|
| 040 |
|
|
|a SNKBUCL
|b slo
|c SNKBUCL
|e AACR2
|
| 041 |
0 |
|
|a slo
|
| 044 |
|
|
|a xo
|c SK
|
| 080 |
|
|
|a 616.12:061.22:061.3
|x (73)
|2 1997
|
| 080 |
|
|
|a 615.272
|2 1997
|
| 080 |
|
|
|a 616-008.9:061.3
|2 1997
|
| 100 |
1 |
|
|a Murín, Ján,
|d 1949-
|4 aut
|9 192427
|
| 245 |
1 |
0 |
|a Na 56. kongrese ACC aj o rimonabante
|c Ján Murín
|
| 300 |
|
|
|a Fotogr.
|
| 611 |
2 |
7 |
|a Americký kardiologický kongres
|n (56. :
|d 2007 :
|c New Orleans, La.)
|2 snkbucl
|9 1507485
|
| 650 |
0 |
7 |
|a obezita
|2 snkbucl
|9 2527
|
| 650 |
0 |
7 |
|a diabetes mellitus
|2 snkbucl
|9 72741
|
| 650 |
0 |
7 |
|a rimonabant
|2 snkbucl
|9 1058627
|
| 650 |
0 |
7 |
|a kongresy
|2 snkbucl
|9 19200
|
| 773 |
0 |
|
|t Zdravotnícke noviny
|g Roč. XII, č. 21 (2007)
|x 1335-4477
|
| 773 |
0 |
8 |
|t Lekárske listy
|g Č. 21 (2007), s. 26-30
|
| 852 |
|
|
|a SNK
|b KIS3GCP
|
| 958 |
|
|
|a MI
|
| 958 |
|
|
|a SK
|
| 999 |
|
|
|c 3012775
|d 3014705
|